000 00375nam a22001217a 4500
008 260429b |||||||| |||| 00| 0 eng d
082 _a001986
100 _a Parankushachar Institute of Vedic Studies.
245 _aICPR Sponsored National Workshop on Sesvara Mimansa
260 _aBangalore
_b Parankushachar Institute of Vedic Studies.
_c2018
300 _a201p
942 _2ddc
999 _c1351
_d1351